Statistics for Finding Dory Trivia

Click here to take the quiz!

General Stats

  • This quiz has been taken 488 times
  • The average score is 8 of 22

Answer Stats

HintAnswer% Correct
In which US state is the aquarium in which Dory lived as a child?California
76%
Dory's mother likes which color shell?Purple
69%
How many hearts does an octopus have?Three
56%
What condition does Dory suffer from?Short-Term Memory Loss
48%
What is the name of Dory's childhood friend, the whale shark?Destiny
45%
Dory's parents surround their house with what, hoping that one day Dory will see them and find her way back home?Seashells
45%
In "Finding Nemo", Dory uses this word to describe a jellyfish and in "Finding Dory", baby Dory uses this word to describe the sand. What is it?Squishy
42%
While Dory is swimming through the pipes, Bailey the beluga whale thinks Dory runs into a threatening fish when it is really just who?Marlin and Nemo
40%
"The world's most powerful pair of glasses" refers to which location technique?Echolocation
36%
Dory, excited that she remembers her parents, swims into a neighborhood of hermit crabs which repeatedly tell her to "Shhh!" because they are hiding from which animal?Giant Squid
35%
What is the name of the rumpled, crazy-eyed bird that carries Marlin and Nemo around in a bucket?Becky
34%
Because Hank only has seven legs, Dory says he is not an "octopus" but a what?Septopus
34%
What is the name of Dory's mom?Jenny
31%
How many years elapsed between the release of "Finding Nemo" and the release of "Finding Dory"?Thirteen
31%
What is the name of Dory's dad?Charlie
30%
In which type of aquarium exhibit did Dory live as a child before she got separated from her parents?Open Ocean
30%
Hank, the octopus, wants Dory's tag so he can go where?Cleveland
27%
Hank, the octopus, becomes extremely nervous and eventually squirts ink when he is put into which aquarium exhibit?Touch Pool
27%
The whale shark repeatedly crashes into walls because she is what?Near-Sighted
18%
Marlin and Nemo meet a lonely clam who tells them about which kind of animal he once dated that broke his heart?Scallop
16%
Which song is played as the truck full of aquarium animals is driven off the road and into the ocean in slow motion?What a Wonderful World
13%
The actor of which "Modern Family" character is the voice of Bailey, the beluga whale?Phil Dunphy
8%

Score Distribution

Percentile by Number Answered

Percent of People with Each Score

Your Score History

You have not taken this quiz